[Event "4NCL Division One"]
[Site "Daventry, ENG"]
[Date "2023.03.19"]
[Round "8.11"]
[White "Alonso Rosell, Alvar"]
[Black "Speelman, Jon S"]
[Result "1/2-1/2"]
[WhiteElo "2567"]
[BlackElo "2492"]
[PlyCount "113"]
[EventDate "2023.03.19"]
[WhiteTeam "Cheddleton"]
[BlackTeam "Wood Green"]

1. d4 Nf6 2. c4 e6 3. Nf3 d5 4. g3 Be7 5. Bg2 O-O 6. Nc3 dxc4 7. Ne5 Nc6 8.
Bxc6 bxc6 9. Nxc6 Qe8 10. Nxe7+ Qxe7 11. Qa4 c5 12. dxc5 Qxc5 13. Be3 Qc7 14.
f3 Nd5 15. Bd4 Bb7 16. O-O-O Rfc8 17. e4 Nxc3 18. Bxc3 Qc5 19. Rd4 a5 20. f4 h6
21. Rhd1 Qh5 22. R1d2 Bc6 23. Qd1 Qxd1+ 24. Kxd1 a4 25. a3 Bb7 26. Ke2 e5 27.
fxe5 Re8 28. Kf2 Rac8 29. Rd7 Bxe4 30. R2d6 Bf5 31. Rb7 Ra8 32. Ke3 Be6 33. h4
h5 34. Kf4 Bg4 35. Rb4 Rec8 36. Rb7 Re8 37. Rbb6 Rec8 38. Ra6 Rxa6 39. Rxa6 Bd1
40. Rd6 Bg4 41. Kg5 Rc7 42. Kf4 Kh7 43. Ke3 Ra7 44. Kd4 Be6 45. Kc5 Kg6 46. Kb6
Ra8 47. Kb5 Kf5 48. Rd4 Kg6 49. Rf4 Ra7 50. Bd4 Ra8 51. Bc5 Rb8+ 52. Bb6 Bd7+
53. Ka6 Bc8+ 54. Ka5 Ra8+ 55. Kb5 Be6 56. Kc6 Rb8 57. Kb5 1/2-1/2

[Event "4NCL Division One"]
[Site "Daventry, ENG"]
[Date "2023.03.19"]
[Round "8.12"]
[White "McDonald, Neil"]
[Black "Pert, Nicholas"]
[Result "1-0"]
[WhiteElo "2406"]
[BlackElo "2544"]
[PlyCount "71"]
[EventDate "2023.03.19"]
[WhiteTeam "Wood Green"]
[BlackTeam "Cheddleton"]

1. e4 c5 2. Nf3 Nc6 3. d4 cxd4 4. Nxd4 e5 5. Nb5 d6 6. N1c3 a6 7. Na3 Be6 8.
Nc4 Rb8 9. Ne3 Nf6 10. g3 h5 11. Bg2 h4 12. O-O Nd4 13. Ncd5 Nxd5 14. exd5 Bd7
15. g4 h3 16. Be4 g6 17. c3 Nb5 18. a4 Na7 19. f4 exf4 20. Qd4 Rh7 21. Nc4 b5
22. axb5 Nxb5 23. Qd3 f5 24. Bf3 g5 25. Rxa6 Qf6 26. Nb6 Nc7 27. Nxd7 Rxd7 28.
Ra7 Re7 29. gxf5 Nxd5 30. Ra6 Nb6 31. Qb5+ Nd7 32. Bh5+ Rf7 33. Qd5 Ne5 34. Re1
Kd8 35. Bxf7 Qxf5 36. Rxd6+ 1-0

[Event "4NCL Division One"]
[Site "Daventry, ENG"]
[Date "2023.03.19"]
[Round "8.13"]
[White "Pert, Richard G"]
[Black "Greet, Andrew N"]
[Result "1/2-1/2"]
[WhiteElo "2411"]
[BlackElo "2412"]
[PlyCount "115"]
[EventDate "2023.03.19"]
[WhiteTeam "Cheddleton"]
[BlackTeam "Wood Green"]

1. d4 e6 2. e4 d5 3. Nd2 c5 4. Ngf3 cxd4 5. exd5 Qxd5 6. Bc4 Qd6 7. Ne4 Qb4+ 8.
Nfd2 Nd7 9. c3 Qa5 10. O-O Ngf6 11. cxd4 Be7 12. Nb3 Qc7 13. Bd3 Nxe4 14. Bxe4
Nf6 15. Bf3 Bd6 16. h3 O-O 17. Bg5 Bf4 18. Bxf6 gxf6 19. g3 Bh6 20. Bg2 a5 21.
Qh5 Bg7 22. Rac1 Qb6 23. d5 f5 24. Rfd1 Rd8 25. Nc5 e5 26. d6 Rxd6 27. Rxd6
Qxd6 28. Nxb7 Qh6 29. Qxh6 Bxh6 30. Rc5 Bxb7 31. Bxb7 Ra7 32. Bc8 f4 33. Rxe5
fxg3 34. fxg3 Rc7 35. Bf5 Rc5 36. Rxc5 Be3+ 37. Kf1 Bxc5 38. Ke2 Bd4 39. b3 h5
40. Kd3 Bf2 41. g4 hxg4 42. hxg4 Kf8 43. Kc4 Ke7 44. Kb5 Be1 45. a3 Kd6 46. Bc2
f6 47. b4 axb4 48. axb4 Kc7 49. Kc5 Bf2+ 50. Kd5 Be1 51. b5 Kb6 52. Bd3 Bh4 53.
Ke6 Bg5 54. Kf5 Kc5 55. Bf1 Kb6 56. Bd3 Kc5 57. Bf1 Kb6 58. Bd3 1/2-1/2

[Event "4NCL Division One"]
[Site "Daventry, ENG"]
[Date "2023.03.19"]
[Round "8.14"]
[White "Harvey, Marcus R"]
[Black "Kirk, Ezra"]
[Result "0-1"]
[WhiteElo "2469"]
[BlackElo "2432"]
[PlyCount "142"]
[EventDate "2023.03.19"]
[WhiteTeam "Wood Green"]
[BlackTeam "Cheddleton"]

1. c4 Nf6 2. Nf3 g6 3. b3 Bg7 4. Bb2 O-O 5. g3 b6 6. Bg2 Bb7 7. d4 e6 8. O-O
Ne4 9. Qc2 f5 10. Rd1 d6 11. Nfd2 d5 12. Nc3 Nd7 13. Rac1 c6 14. e3 g5 15. f3
Nxd2 16. Qxd2 Qe7 17. e4 dxe4 18. fxe4 f4 19. gxf4 gxf4 20. Kh1 Rad8 21. Qf2 c5
22. d5 Bd4 23. Rxd4 cxd4 24. Qxd4 e5 25. Qf2 Nf6 26. Bf3 Bc8 27. c5 bxc5 28.
Ba3 Rf7 29. Bxc5 Qd7 30. Qh4 Qh3 31. Rg1+ Rg7 32. Qxh3 Bxh3 33. Be7 Bg4 34.
Bxg4 Rxe7 35. Bf5+ Kh8 36. Nb5 Ne8 37. Be6 Rg7 38. Nxa7 Ra8 39. Nc6 Rxa2 40.
Nxe5 Rxg1+ 41. Kxg1 Nd6 42. Nd3 Nxe4 43. Nxf4 Rb2 44. Bf5 Nd6 45. Bd3 Rxb3 46.
Kf2 Rb2+ 47. Kg3 h6 48. h3 Kg7 49. Be2 Kf6 50. Bg4 Rb3+ 51. Kh4 Rb4 52. Ne6 Nf7
53. Kh5 Re4 54. Nc7 Re5+ 55. Kh4 Nd6 56. Kg3 Re4 57. Ne6 Nf5+ 58. Kf3 Ke5 59.
Nc5 Re3+ 60. Kf2 Rc3 61. Nd7+ Kf4 62. Nf6 Rc2+ 63. Ke1 Nd6 64. Be6 Rh2 65. Ng8
Kg5 66. Ne7 Kf4 67. Bg4 h5 68. Be6 Ne4 69. Ng6+ Ke3 70. Kd1 Nc5 71. Bf7 Nd3 0-1

[Event "4NCL Division One"]
[Site "Daventry, ENG"]
[Date "2023.03.19"]
[Round "8.15"]
[White "Williams, Simon K"]
[Black "Toma, Katarzyna"]
[Result "1-0"]
[WhiteElo "2461"]
[BlackElo "2382"]
[PlyCount "55"]
[EventDate "2023.03.19"]
[WhiteTeam "Cheddleton"]
[BlackTeam "Wood Green"]

1. d4 Nf6 2. c4 g6 3. h4 Bg7 4. Nc3 d5 5. h5 Nxh5 6. cxd5 c6 7. e4 cxd5 8. e5
Bf8 9. Nf3 Ng7 10. Qb3 Nc6 11. Qxd5 Bg4 12. Qb3 Qb6 13. Be3 Qxb3 14. axb3 Bxf3
15. gxf3 e6 16. Bb5 Be7 17. d5 exd5 18. Nxd5 Ne6 19. Rc1 Rd8 20. Rxc6 bxc6 21.
Bxc6+ Rd7 22. Bxa7 Kd8 23. Bb6+ Kc8 24. O-O Rxd5 25. Bxd5 Kd7 26. Ra1 Rb8 27.
Ra7+ Ke8 28. Be3 1-0

[Event "4NCL Division One"]
[Site "Daventry, ENG"]
[Date "2023.03.19"]
[Round "8.16"]
[White "Haydon, David L"]
[Black "Eggleston, David J"]
[Result "1/2-1/2"]
[WhiteElo "2373"]
[BlackElo "2360"]
[PlyCount "30"]
[EventDate "2023.03.19"]
[WhiteTeam "Wood Green"]
[BlackTeam "Cheddleton"]

1. d4 e6 2. c4 Nf6 3. Nf3 Bb4+ 4. Bd2 Bxd2+ 5. Nbxd2 d6 6. Qc2 O-O 7. e3 b6 8.
Bd3 Bb7 9. O-O c5 10. dxc5 bxc5 11. Ne4 Nxe4 12. Bxe4 Bxe4 13. Qxe4 Nd7 14.
Rfd1 Nb6 15. b3 d5 1/2-1/2

[Event "4NCL Division One"]
[Site "Daventry, ENG"]
[Date "2023.03.19"]
[Round "8.17"]
[White "Arkell, Keith C"]
[Black "Fitzsimons, David"]
[Result "1/2-1/2"]
[WhiteElo "2395"]
[BlackElo "2396"]
[PlyCount "47"]
[EventDate "2023.03.19"]
[WhiteTeam "Cheddleton"]
[BlackTeam "Wood Green"]

1. c4 Nf6 2. Nf3 c5 3. g3 b6 4. Bg2 Bb7 5. O-O e6 6. Nc3 Be7 7. Re1 d5 8. cxd5
Nxd5 9. Nxd5 Bxd5 10. e4 Bb7 11. d4 cxd4 12. Nxd4 O-O 13. Be3 Nd7 14. Rc1 Rc8
15. Rxc8 Qxc8 16. Qa4 a6 17. Rc1 Nc5 18. Qd1 Qd7 19. Qc2 Rc8 20. Qb1 Bf6 21.
Ne2 Qd3 22. Qxd3 Nxd3 23. Rxc8+ Bxc8 24. b3 1/2-1/2

[Event "4NCL Division One"]
[Site "Daventry, ENG"]
[Date "2023.03.19"]
[Round "8.18"]
[White "O`Gorman, Tom"]
[Black "Steil-Antoni, Fiona"]
[Result "1-0"]
[WhiteElo "2373"]
[BlackElo "2185"]
[PlyCount "79"]
[EventDate "2023.03.19"]
[WhiteTeam "Wood Green"]
[BlackTeam "Cheddleton"]

1. d4 d5 2. c4 e6 3. Nc3 Be7 4. cxd5 exd5 5. Bf4 Nf6 6. e3 c6 7. Bd3 O-O 8. Qc2
Re8 9. Nf3 Nbd7 10. a3 Nf8 11. O-O Ng6 12. Bg5 Ne4 13. Bxe7 Qxe7 14. b4 Nxc3
15. Qxc3 a6 16. Qc2 Bd7 17. Rab1 Reb8 18. a4 Qd6 19. Rfc1 Be8 20. Nd2 Nf8 21.
Nb3 h6 22. Nc5 Ne6 23. Bh7+ Kh8 24. Bf5 Nf8 25. g3 g6 26. Bh3 f5 27. Bf1 Qf6
28. b5 axb5 29. axb5 Ne6 30. Nd3 g5 31. f4 gxf4 32. gxf4 Bh5 33. Ne5 Rg8+ 34.
Kh1 Rg7 35. Bh3 Rf8 36. Rg1 Qh4 37. Bxf5 Rxg1+ 38. Rxg1 Nxd4 39. exd4 Qxf4 40.
Qg2 1-0

[Event "4NCL Division One"]
[Site "Daventry, ENG"]
[Date "2023.03.19"]
[Round "8.21"]
[White "Roberson, Peter T"]
[Black "Rowson, Jonathan"]
[Result "1/2-1/2"]
[WhiteElo "2497"]
[BlackElo "2542"]
[PlyCount "94"]
[EventDate "2023.03.19"]
[WhiteTeam "The Sharks 1"]
[BlackTeam "Chessable White Rose 1"]

1. e4 e5 2. Nf3 Nc6 3. Bb5 a6 4. Ba4 Nf6 5. O-O Be7 6. d3 d6 7. c3 O-O 8. Re1
b5 9. Bc2 d5 10. Nbd2 dxe4 11. dxe4 Be6 12. a4 b4 13. a5 bxc3 14. bxc3 Bd6 15.
Qe2 Qe7 16. Nc4 Rfb8 17. h3 h6 18. Nh4 Bc5 19. Nf5 Qf8 20. Nce3 Kh8 21. Qf3 Ng8
22. Nd5 Ra7 23. Qg3 f6 24. Be3 Bxe3 25. Qxe3 Rab7 26. Reb1 Rxb1+ 27. Rxb1 Rxb1+
28. Bxb1 Qb8 29. Bd3 Nxa5 30. Qc5 Nb3 31. Qxc7 Qxc7 32. Nxc7 Bxf5 33. exf5 a5
34. Nd5 h5 35. Bc4 a4 36. f3 h4 37. Kf2 Kh7 38. Ke3 Nc5 39. f4 a3 40. Ba2 g6
41. fxe5 fxe5 42. f6 Nh6 43. Nc7 g5 44. f7 Kg7 45. Nb5 Nxf7 46. Bxf7 Kxf7 47.
Nxa3 Ke6 1/2-1/2

[Event "4NCL Division One"]
[Site "Daventry, ENG"]
[Date "2023.03.19"]
[Round "8.22"]
[White "Adair, James R"]
[Black "Clarke, Brandon G I"]
[Result "1/2-1/2"]
[WhiteElo "2451"]
[BlackElo "2475"]
[PlyCount "35"]
[EventDate "2023.03.19"]
[WhiteTeam "Chessable White Rose 1"]
[BlackTeam "The Sharks 1"]

1. Nf3 g6 2. e4 c5 3. d4 cxd4 4. Nxd4 Nf6 5. Nc3 d6 6. Be3 Bg7 7. f3 O-O 8. Qd2
Nc6 9. O-O-O d5 10. exd5 Nxd5 11. Nxc6 bxc6 12. Bd4 e5 13. Bc5 Re8 14. Ne4 Qc7
15. Bd6 Qb6 16. Bc5 Qc7 17. Bd6 Qb6 18. Bc5 1/2-1/2

[Event "4NCL Division One"]
[Site "Daventry, ENG"]
[Date "2023.03.19"]
[Round "8.23"]
[White "Grieve, Harry"]
[Black "Colovic, Aleksandar"]
[Result "1/2-1/2"]
[WhiteElo "2525"]
[BlackElo "2440"]
[PlyCount "77"]
[EventDate "2023.03.19"]
[WhiteTeam "The Sharks 1"]
[BlackTeam "Chessable White Rose 1"]

1. e4 e5 2. Nf3 Nf6 3. Nxe5 d6 4. Nf3 Nxe4 5. d4 d5 6. Bd3 Be7 7. O-O Nc6 8.
Nbd2 Bf5 9. Re1 Nxd2 10. Qxd2 Qd7 11. Ne5 Nxe5 12. Bxf5 Nf3+ 13. gxf3 Qxf5 14.
Qb4 Qg6+ 15. Kh1 Qd6 16. Qb5+ Qc6 17. Qb4 Qd6 18. Qxb7 O-O 19. Qb3 Rab8 20. Qd3
Qf6 21. Rg1 Qh4 22. Rg4 Qh5 23. b3 Bd6 24. Rg2 Rfe8 25. Bd2 Re6 26. f4 c6 27.
Rag1 g6 28. f3 Rf6 29. Rg5 Qh6 30. Qe2 Re6 31. Qg2 Rbe8 32. f5 Re2 33. Rxg6+
fxg6 34. Bxh6 Rxg2 35. Rxg2 Re1+ 36. Rg1 Re2 37. Rg2 Re1+ 38. Rg1 Re2 39. Rg2
1/2-1/2

[Event "4NCL Division One"]
[Site "Daventry, ENG"]
[Date "2023.03.19"]
[Round "8.24"]
[White "Emms, John M"]
[Black "Makkar, Rajat"]
[Result "1-0"]
[WhiteElo "2467"]
[BlackElo "2417"]
[PlyCount "51"]
[EventDate "2023.03.19"]
[WhiteTeam "Chessable White Rose 1"]
[BlackTeam "The Sharks 1"]

1. c4 Nf6 2. Nc3 c6 3. e4 d5 4. cxd5 cxd5 5. exd5 g6 6. Bc4 Bg7 7. Nf3 O-O 8.
O-O a6 9. a4 Qa5 10. Qe2 Bg4 11. h3 Bxf3 12. Qxf3 Nbd7 13. d4 b5 14. Bb3 b4 15.
Ne4 Rac8 16. Nxf6+ Bxf6 17. Be3 Rc7 18. Rac1 Rfc8 19. Rc6 Rxc6 20. dxc6 Nb8 21.
d5 Bxb2 22. d6 exd6 23. Qxf7+ Kh8 24. Bd5 Qc7 25. Qxc7 Rxc7 26. Rb1 1-0

[Event "4NCL Division One"]
[Site "Daventry, ENG"]
[Date "2023.03.19"]
[Round "8.25"]
[White "Moreby, James"]
[Black "Wells, Peter K"]
[Result "1/2-1/2"]
[WhiteElo "2446"]
[BlackElo "2391"]
[PlyCount "21"]
[EventDate "2023.03.19"]
[WhiteTeam "The Sharks 1"]
[BlackTeam "Chessable White Rose 1"]

1. c4 e6 2. g3 d5 3. Bg2 Nf6 4. Nf3 dxc4 5. Na3 Bxa3 6. bxa3 b5 7. Ne5 Nd5 8.
d3 Qf6 9. f4 Nd7 10. dxc4 bxc4 11. Bxd5 1/2-1/2

[Event "4NCL Division One"]
[Site "Daventry, ENG"]
[Date "2023.03.19"]
[Round "8.26"]
[White "Camacho Collados, Marcos"]
[Black "Rendle, Thomas E"]
[Result "1-0"]
[WhiteElo "2460"]
[BlackElo "2434"]
[PlyCount "141"]
[EventDate "2023.03.19"]
[WhiteTeam "Chessable White Rose 1"]
[BlackTeam "The Sharks 1"]

1. Nf3 d5 2. g3 g6 3. Bg2 Bg7 4. O-O e5 5. d3 Nc6 6. Nbd2 Nge7 7. e4 O-O 8.
exd5 Nxd5 9. Re1 Re8 10. a4 a5 11. c3 h6 12. Nc4 Bf5 13. Nh4 Be6 14. Nf3 Bf5
15. h3 g5 16. h4 g4 17. Nh2 Qd7 18. Be4 h5 19. Bg5 f6 20. Bd2 Be6 21. Bg6 Bf7
22. Bxf7+ Qxf7 23. Qb3 Nb6 24. Be3 Nxc4 25. dxc4 Ne7 26. Rad1 Nf5 27. Qxb7 Qxc4
28. b3 Qf7 29. Bc5 Bf8 30. Bxf8 Rxf8 31. Qc6 Rad8 32. Nf1 Rd6 33. Qe4 Rfd8 34.
Rxd6 Nxd6 35. Qd3 Rb8 36. c4 Qh7 37. Qd5+ Qf7 38. Qxa5 Nf5 39. Nd2 Nd4 40. Qc5
Rd8 41. a5 Nc2 42. Re2 Nd4 43. Re3 Nf5 44. Nf1 Rd1 45. Rc3 Nd4 46. Kg2 Nf3 47.
Qc6 Ra1 48. Rxf3 gxf3+ 49. Qxf3 Rxa5 50. Ne3 Ra6 51. Nf5 Kh8 52. b4 Ra4 53. Qb3
Ra8 54. Qd1 Kh7 55. Qd3 Kh8 56. b5 Rb8 57. Ne3 Rf8 58. Qe4 Qh7 59. Qd5 Qf7 60.
Qc6 Qh7 61. Kh2 Qf7 62. Nd5 f5 63. Qxc7 Qe6 64. Qe7 Qxe7 65. Nxe7 Rf7 66. Ng6+
Kg7 67. Nxe5 Re7 68. f4 Kf6 69. b6 Ke6 70. Nc6 Rd7 71. b7 1-0

[Event "4NCL Division One"]
[Site "Daventry, ENG"]
[Date "2023.03.19"]
[Round "8.27"]
[White "Ghasi, Ameet K"]
[Black "Camacho Collados, Jose"]
[Result "1-0"]
[WhiteElo "2471"]
[BlackElo "2405"]
[PlyCount "99"]
[EventDate "2023.03.19"]
[WhiteTeam "The Sharks 1"]
[BlackTeam "Chessable White Rose 1"]

1. Nf3 Nf6 2. g3 d5 3. Bg2 e6 4. O-O Be7 5. d3 b6 6. Nc3 Bb7 7. Nd2 c5 8. e4
Nc6 9. f4 dxe4 10. dxe4 h5 11. h3 Qd4+ 12. Rf2 O-O-O 13. e5 Ne8 14. Qf1 f6 15.
Nc4 Qd7 16. a4 Na5 17. Nxa5 bxa5 18. Qb5 Bxg2 19. Rxg2 h4 20. Be3 hxg3 21. Rxg3
fxe5 22. fxe5 Qxb5 23. axb5 Rh5 24. Rxa5 Kb7 25. b4 Rxe5 26. Na4 Rd1+ 27. Kg2
Bd8 28. Nxc5+ Rxc5 29. Bxc5 Bxa5 30. bxa5 Rd2+ 31. Bf2 Rxc2 32. a6+ Kc7 33. Rg5
Kd6 34. Kf3 Rc3+ 35. Ke2 Rc2+ 36. Ke1 Rc1+ 37. Kd2 Rh1 38. Bxa7 Rh2+ 39. Kc3
Rxh3+ 40. Kb4 Rh1 41. Ka5 Kd7 42. Bb8 Kc8 43. Be5 Rd1 44. b6 Rd5+ 45. Kb4 Nd6
46. Bxd6 Rxd6 47. Rc5+ Kb8 48. Kb5 Rd8 49. a7+ Ka8 50. Ka6 1-0

[Event "4NCL Division One"]
[Site "Daventry, ENG"]
[Date "2023.03.19"]
[Round "8.28"]
[White "Navrotescu, Andreea"]
[Black "Foisor, Mihaela-Veronica"]
[Result "1/2-1/2"]
[WhiteElo "2258"]
[BlackElo "2212"]
[PlyCount "171"]
[EventDate "2023.03.19"]
[WhiteTeam "Chessable White Rose 1"]
[BlackTeam "The Sharks 1"]

1. d4 d5 2. c4 e6 3. Nc3 Nf6 4. cxd5 exd5 5. Bg5 Be7 6. e3 c6 7. Bd3 O-O 8. h3
Re8 9. Bf4 c5 10. Nf3 c4 11. Bc2 Nc6 12. O-O a6 13. Ne5 Bd6 14. Nxc6 bxc6 15.
Bxd6 Qxd6 16. b3 cxb3 17. axb3 c5 18. dxc5 Qxc5 19. Ne2 Bd7 20. Qd2 Bb5 21.
Rfc1 Qb6 22. Qd4 Rab8 23. Qxb6 Rxb6 24. Nd4 g6 25. Nxb5 axb5 26. b4 Rc8 27. Bd3
Rxc1+ 28. Rxc1 Nd7 29. Rc8+ Kg7 30. Rd8 Rb7 31. Kf1 Kf6 32. Ke2 Ke7 33. Ra8 Nb8
34. Kd2 Nc6 35. Rh8 Nxb4 36. Bb1 Kf6 37. Rxh7 Ra7 38. Kc3 Nc6 39. Rh8 b4+ 40.
Kb2 d4 41. exd4 Nxd4 42. Rb8 b3 43. Rb4 Ke5 44. f4+ Kd5 45. Kc3 Rc7+ 46. Kd2
Ra7 47. Kd3 Ne6 48. Kc3 Nc5 49. f5 gxf5 50. Bxf5 Ra2 51. Rg4 Rf2 52. Bb1 b2 53.
Rg5+ Kd6 54. h4 Ne6 55. Rg8 Nf4 56. g4 Rh2 57. h5 Nd5+ 58. Kb3 Nf6 59. Rg7 Ke5
60. g5 Rxh5 61. gxf6 Kxf6 62. Rg1 Rb5+ 63. Kc3 Ke6 64. Ba2+ Kd6 65. Bb3 f5 66.
Kxb2 Rc5 67. Bc2 Ke5 68. Re1+ Kf4 69. Rf1+ Kg4 70. Kc1 Rd5 71. Bd1+ Kg3 72.
Rf3+ Kg2 73. Rc3 Kf2 74. Bf3 Rd4 75. Bb7 f4 76. Kc2 Ke2 77. Ba6+ Kf2 78. Bd3
Ke3 79. Bf5+ Ke2 80. Bg4+ Ke1 81. Rf3 Ra4 82. Be6 Ke2 83. Rd3 f3 84. Rd2+ Ke3
85. Bd5 Rd4 86. Rxd4 1/2-1/2

[Event "4NCL Division One"]
[Site "Daventry, ENG"]
[Date "2023.03.19"]
[Round "8.31"]
[White "Gallana, Marco"]
[Black "Erdos, Viktor"]
[Result "1/2-1/2"]
[WhiteElo "2250"]
[BlackElo "2587"]
[PlyCount "137"]
[EventDate "2023.03.19"]
[WhiteTeam "Celtic Tigers 1"]
[BlackTeam "Chess.com Manx Liberty"]

1. d4 d5 2. c4 dxc4 3. Nf3 Nf6 4. e3 e6 5. Bxc4 a6 6. O-O Nbd7 7. Re1 b5 8. Bd3
c5 9. a4 bxa4 10. e4 Be7 11. d5 exd5 12. exd5 O-O 13. d6 Bxd6 14. Bxh7+ Nxh7
15. Qxd6 Bb7 16. Qg3 Bxf3 17. Qxf3 Re8 18. Rxe8+ Qxe8 19. Be3 Rb8 20. Nc3 Rxb2
21. Nxa4 Rb8 22. Qc6 Nhf6 23. h3 Qe4 24. Qxe4 Nxe4 25. f3 Rb3 26. Rd1 Rxe3 27.
Rxd7 Ra3 28. Nb6 Ng3 29. Rc7 Ne2+ 30. Kf1 Nf4 31. Nd7 Ne6 32. Rc8+ Kh7 33. h4
Ra2 34. g4 Rd2 35. Ne5 f6 36. Nf7 Rd7 37. Re8 Rxf7 38. Rxe6 Ra7 39. Rc6 a5 40.
Rxc5 a4 41. Rc2 a3 42. Ra2 Kg6 43. Kf2 Ra4 44. Kg3 Kf7 45. h5 Ke6 46. f4 Kd5
47. g5 fxg5 48. fxg5 Kc4 49. h6 gxh6 50. gxh6 Kb3 51. h7 Ra8 52. Rf2 a2 53. Rf1
Rh8 54. Rf3+ Kb4 55. Rf4+ Kc3 56. Rf3+ Kb4 57. Rf4+ Kb5 58. Rf5+ Kb6 59. Rf6+
Kb7 60. Rf7+ Kb8 61. Rf1 Rxh7 62. Ra1 Ra7 63. Kf3 Kc7 64. Ke3 Kc6 65. Kd3 Kc5
66. Kc3 Ra3+ 67. Kb2 Kb4 68. Rxa2 Rxa2+ 69. Kxa2 1/2-1/2

[Event "4NCL Division One"]
[Site "Daventry, ENG"]
[Date "2023.03.19"]
[Round "8.32"]
[White "Parligras, Mircea-Emilian"]
[Black "Skulte, Christopher"]
[Result "1-0"]
[WhiteElo "2554"]
[BlackElo "2078"]
[PlyCount "47"]
[EventDate "2023.03.19"]
[WhiteTeam "Chess.com Manx Liberty"]
[BlackTeam "Celtic Tigers 1"]

1. d4 d5 2. c4 dxc4 3. Nf3 Nf6 4. e3 Be6 5. Nc3 c6 6. Ng5 Bd5 7. e4 h6 8. exd5
hxg5 9. dxc6 Nxc6 10. d5 Na5 11. Qa4+ Nd7 12. Bxg5 Qb6 13. Bxc4 Qxb2 14. O-O
Qxc3 15. Bb5 Qc7 16. d6 Qxd6 17. Bf4 Rh4 18. Rad1 Rxf4 19. Bxd7+ Kd8 20. Qxa5+
Qb6 21. Ba4+ Kc8 22. Rc1+ Kb8 23. Bd7 Qxa5 24. Rc8# 1-0

[Event "4NCL Division One"]
[Site "Daventry, ENG"]
[Date "2023.03.19"]
[Round "8.33"]
[White "Kelmendi, Bajrush"]
[Black "Lupulescu, Constantin"]
[Result "0-1"]
[WhiteElo "2090"]
[BlackElo "2580"]
[PlyCount "96"]
[EventDate "2023.03.19"]
[WhiteTeam "Celtic Tigers 1"]
[BlackTeam "Chess.com Manx Liberty"]

1. e4 c5 2. c4 Nc6 3. Nc3 g6 4. d3 Bg7 5. Be2 d6 6. g4 Nd4 7. h4 Nxe2 8. Qxe2
Nf6 9. f3 h5 10. g5 Nd7 11. Nh3 Ne5 12. Nf2 Rb8 13. a4 a6 14. O-O Nc6 15. Be3
Nd4 16. Bxd4 Bxd4 17. Kg2 Bd7 18. Qd2 b5 19. cxb5 axb5 20. a5 O-O 21. Ne2 Bg7
22. d4 b4 23. Rfc1 Bb5 24. dxc5 dxc5 25. Rd1 Qxd2 26. Rxd2 Rfd8 27. Rad1 Rxd2
28. Rxd2 Ra8 29. Nc1 Rxa5 30. Nb3 Ra2 31. Nxc5 Rxb2 32. Rd5 Bc3 33. Rd1 Kg7 34.
Kg3 Be2 35. Rd7 Be1 36. Rxe7 Bc4 37. Nd7 Rxf2 38. Nf6 Rd2+ 39. Kf4 Rd8 40. Rb7
b3 41. e5 Bd2+ 42. Kg3 Bc3 43. f4 b2 44. Kf3 Ba2 45. e6 Bxe6 46. f5 Bxf5 47.
Ne4 Rd3+ 48. Kf4 Rd4 0-1

[Event "4NCL Division One"]
[Site "Daventry, ENG"]
[Date "2023.03.19"]
[Round "8.34"]
[White "Turner, Matthew J"]
[Black "Healey, Michael W"]
[Result "1-0"]
[WhiteElo "2441"]
[BlackElo "2124"]
[PlyCount "55"]
[EventDate "2023.03.19"]
[WhiteTeam "Chess.com Manx Liberty"]
[BlackTeam "Celtic Tigers 1"]

1. d4 Nf6 2. c4 Nc6 3. Nf3 e6 4. Nc3 Bb4 5. Qc2 Qe7 6. Bd2 O-O 7. a3 Bxc3 8.
Bxc3 a5 9. e4 d6 10. e5 Nd7 11. Bd3 h6 12. Qe2 dxe5 13. dxe5 Nc5 14. Bc2 a4 15.
g4 Bd7 16. Rg1 Be8 17. O-O-O Rd8 18. h4 Rxd1+ 19. Rxd1 g6 20. h5 Kg7 21. g5 Rh8
22. Bd2 Nb3+ 23. Bxb3 axb3 24. gxh6+ Kf8 25. hxg6 fxg6 26. Qe3 Kg8 27. Qxb3 b5
28. cxb5 1-0

[Event "4NCL Division One"]
[Site "Daventry, ENG"]
[Date "2023.03.19"]
[Round "8.35"]
[White "Franco, Gaston"]
[Black "Cyborowski, Lukasz"]
[Result "0-1"]
[WhiteElo "2101"]
[BlackElo "2502"]
[PlyCount "82"]
[EventDate "2023.03.19"]
[WhiteTeam "Celtic Tigers 1"]
[BlackTeam "Chess.com Manx Liberty"]

1. e4 c5 2. Nf3 Nc6 3. d4 cxd4 4. Nxd4 Qb6 5. Nb3 Nf6 6. Nc3 e6 7. Bd3 a6 8.
O-O Qc7 9. Bg5 h6 10. Bd2 b5 11. Qe2 b4 12. Na4 Ne5 13. Bf4 Bd6 14. Bg3 h5 15.
h3 h4 16. Bxe5 Bxe5 17. Qe3 Bf4 18. Qc5 Qxc5 19. Nbxc5 Bc7 20. a3 a5 21. axb4
axb4 22. c3 Rb8 23. cxb4 Rxb4 24. Rfc1 Bf4 25. Rc4 Rb8 26. Nc3 O-O 27. b4 Be5
28. Rb1 d5 29. exd5 exd5 30. f4 dxc4 31. fxe5 Nd7 32. Bxc4 Nxc5 33. bxc5 Rxb1+
34. Nxb1 Re8 35. Nc3 Rxe5 36. Nd5 Be6 37. Ne7+ Kf8 38. Bxe6 Kxe7 39. Bg4 Rxc5
40. Bf3 Kf6 41. Kf2 Ke5 0-1

[Event "4NCL Division One"]
[Site "Daventry, ENG"]
[Date "2023.03.19"]
[Round "8.36"]
[White "Csonka, Balazs"]
[Black "Pedersen, Carsten"]
[Result "1-0"]
[WhiteElo "2494"]
[BlackElo "2085"]
[PlyCount "65"]
[EventDate "2023.03.19"]
[WhiteTeam "Chess.com Manx Liberty"]
[BlackTeam "Celtic Tigers 1"]

1. e4 e6 2. d4 d5 3. e5 c5 4. c3 Nc6 5. Nf3 Qb6 6. a3 Nh6 7. Bd3 cxd4 8. O-O
Bd7 9. b4 Rc8 10. Bb2 a6 11. cxd4 Nf5 12. Bxf5 exf5 13. Nc3 Be6 14. Na4 Qd8 15.
Rc1 h6 16. Qd2 Be7 17. Nc5 Qb6 18. Rc3 O-O 19. Rfc1 Rc7 20. h4 Rfc8 21. Qd3 Nd8
22. Qd2 Rc6 23. h5 Qb5 24. Rb3 R6c7 25. a4 Qe8 26. b5 axb5 27. axb5 Bxc5 28.
dxc5 Rxc5 29. Rxc5 Rxc5 30. Nd4 Qd7 31. Ba3 Rc4 32. Rg3 Kh7 33. Bf8 1-0

[Event "4NCL Division One"]
[Site "Daventry, ENG"]
[Date "2023.03.19"]
[Round "8.37"]
[White "Serbanescu, Diana-Maria"]
[Black "Kolbus, Dietmar"]
[Result "0-1"]
[WhiteElo "2062"]
[BlackElo "2273"]
[PlyCount "184"]
[EventDate "2023.03.19"]
[WhiteTeam "Celtic Tigers 1"]
[BlackTeam "Chess.com Manx Liberty"]

1. e4 d5 2. exd5 Qxd5 3. Nc3 Qd6 4. d4 Nf6 5. Nge2 c6 6. a3 Bf5 7. Bf4 Qd8 8.
Qd2 e6 9. Ng3 Bg6 10. Be2 Nbd7 11. h4 h6 12. h5 Bh7 13. Bd3 Bxd3 14. Qxd3 Nb6
15. Nge4 Nxe4 16. Nxe4 Qd5 17. O-O-O O-O-O 18. Kb1 Qb5 19. Qxb5 cxb5 20. Nc3 a6
21. Rd3 Bd6 22. Bxd6 Rxd6 23. Rhd1 Nd5 24. Nxd5 Rxd5 25. g4 Rhd8 26. f3 Kd7 27.
c3 Ke7 28. Kc2 Kf6 29. b3 Rc8 30. Re1 Rc7 31. Re2 g6 32. hxg6 Kxg6 33. Re1 h5
34. gxh5+ Rxh5 35. Re2 Kf6 36. Rg2 Rc8 37. Re3 Rh1 38. Rf2 Ra1 39. Kb2 Rd1 40.
Kc2 Rxd4 41. Rh2 Rd5 42. Rh6+ Kg7 43. Rh2 Rcd8 44. Rg2+ Kf6 45. Rh2 Rd1 46. c4
bxc4 47. bxc4 R1d4 48. Rc3 Rc8 49. Kb3 Rc6 50. a4 Rb6+ 51. Ka3 a5 52. Rh5 Rb4
53. Rxa5 Rdxc4 54. Rxc4 Rxc4 55. Rb5 Rc7 56. Kb4 Ke7 57. Ka5 Kd8 58. f4 Kc8 59.
f5 Rc6 60. fxe6 Ra6+ 61. Kb4 Rxe6 62. Rf5 f6 63. a5 Kc7 64. Kc4 Kb8 65. Rh5 Ka7
66. Rh7 Ka6 67. Rf7 Re4+ 68. Kd3 Rf4 69. Ke3 Rf1 70. Ke2 Rf5 71. Ke3 Rb5 72.
Rxf6+ Kxa5 73. Kd4 Rb3 74. Kc4 Ka4 75. Rf8 b5+ 76. Kc5 Rc3+ 77. Kd4 b4 78. Ra8+
Kb3 79. Rb8 Rh3 80. Rb7 Rh4+ 81. Kd3 Kb2 82. Kd2 b3 83. Rb8 Rd4+ 84. Ke3 Rd7
85. Ke2 Kc2 86. Rc8+ Kb1 87. Rb8 b2 88. Rb6 Rd5 89. Rb8 Ra5 90. Kd2 Ka2 91. Kc2
b1=Q+ 92. Rxb1 Rc5+ 0-1

[Event "4NCL Division One"]
[Site "Daventry, ENG"]
[Date "2023.03.19"]
[Round "8.38"]
[White "Terbe, Julianna"]
[Black "Maciol, Ryszard"]
[Result "0-1"]
[WhiteElo "2263"]
[BlackElo "2136"]
[PlyCount "88"]
[EventDate "2023.03.19"]
[WhiteTeam "Chess.com Manx Liberty"]
[BlackTeam "Celtic Tigers 1"]

1. Nf3 d5 2. d4 Nf6 3. g3 Bf5 4. c4 e6 5. Nc3 c6 6. Nh4 Bg4 7. f3 Bh5 8. Qb3
Qc8 9. g4 Bg6 10. Nxg6 hxg6 11. Bf4 Na6 12. e3 Nc7 13. Rc1 dxc4 14. Bxc4 Nfd5
15. Nxd5 exd5 16. Bd3 Be7 17. Kf2 Ne6 18. Bg3 Bh4 19. Qc2 Qd7 20. b4 a6 21. a4
Qe7 22. Qb3 O-O 23. f4 Rfe8 24. Rce1 g5 25. Bxh4 gxh4 26. g5 g6 27. Rhg1 a5 28.
bxa5 c5 29. Bb5 Red8 30. Rg4 Qd6 31. Rxh4 c4 32. Qc3 Ng7 33. Rg4 Qe6 34. h3 Qe4
35. h4 Nf5 36. Rc1 Kg7 37. h5 gxh5 38. Rg2 h4 39. Rh1 Rh8 40. Rh3 Ng3 41. Rgh2
Qf5 42. Qa3 Qc2+ 43. Ke1 Qb1+ 44. Kd2 c3+ 0-1